| 000 | 00350nam a22001337a 4500 | ||
|---|---|---|---|
| 020 | _a0-582-98869-1 | ||
| 082 | _a621.381 GRE'E | ||
| 100 |
_aGREEN, D. C _975609 |
||
| 245 | _aELECTRONICS-3, A TEXTBOOK COVERING THE LEVEL-3 SYLLOBUS OF THE TECHNICIAN EDUCATION COUNCIL | ||
| 250 | _a3RD | ||
| 260 |
_aLONDON _c1985 |
||
| 300 | _a209P | ||
| 942 | _cBK | ||
| 999 |
_c581004 _d581004 |
||